|
|
|
|
| LEADER |
01754nam a2200457 i 4500 |
| 001 |
EBC1222523 |
| 003 |
MiAaPQ |
| 005 |
20200520144314.0 |
| 006 |
m o d | |
| 007 |
cr cnu|||||||| |
| 008 |
140710t20132013nz a o 001 0 eng d |
| 020 |
|
|
|z 9781927131510
|
| 020 |
|
|
|z 9781927247754 (PDF)
|
| 020 |
|
|
|a 9781927131718
|q (electronic bk.)
|
| 035 |
|
|
|a (MiAaPQ)EBC1222523
|
| 035 |
|
|
|a (Au-PeEL)EBL1222523
|
| 035 |
|
|
|a (CaPaEBR)ebr10887971
|
| 035 |
|
|
|a (OCoLC)884588873
|
| 040 |
|
|
|a MiAaPQ
|b eng
|e rda
|e pn
|c MiAaPQ
|d MiAaPQ
|
| 043 |
|
|
|a u-nz---
|
| 050 |
|
4 |
|a HC670.I5
|b .I547 2013
|
| 082 |
0 |
|
|a 339.20993
|2 23
|
| 245 |
0 |
0 |
|a Inequality :
|b a New Zealand crisis /
|c edited by Max Rashbrooke.
|
| 264 |
|
1 |
|a Wellington, New Zealand :
|b Bridget Williams Books,
|c 2013.
|
| 264 |
|
4 |
|c 2013
|
| 300 |
|
|
|a 1 online resource (339 pages) :
|b illustrations
|
| 336 |
|
|
|a text
|2 rdacontent
|
| 337 |
|
|
|a computer
|2 rdamedia
|
| 338 |
|
|
|a online resource
|2 rdacarrier
|
| 500 |
|
|
|a Includes index.
|
| 588 |
|
|
|a Description based on print version record.
|
| 590 |
|
|
|a Electronic reproduction. Ann Arbor, MI : ProQuest, 2015. Available via World Wide Web. Access may be limited to ProQuest affiliated libraries.
|
| 650 |
|
0 |
|a Income distribution
|z New Zealand.
|
| 650 |
|
0 |
|a Poverty
|z New Zealand.
|
| 650 |
|
0 |
|a Wealth
|z New Zealand.
|
| 650 |
|
0 |
|a Equality
|z New Zealand.
|
| 655 |
|
4 |
|a Electronic books.
|
| 700 |
1 |
|
|a Rashbrooke, Max,
|e editor.
|
| 776 |
0 |
8 |
|i Print version:
|t Inequality : a New Zealand crisis.
|d Wellington, New Zealand : Bridget Williams Books, c2013
|h x, 327 pages
|z 9781927131510
|w 2013432471
|
| 797 |
2 |
|
|a ProQuest (Firm)
|
| 856 |
4 |
0 |
|u https://ebookcentral.proquest.com/lib/matrademy/detail.action?docID=1222523
|z Click to View
|